K problematike urýchlenia vyvlastňovania pozemkov pre dopravnú infraštruktúru
Príprava výstavby diaľnic (a rýchlostných ciest) úpravou podmienok majetku a právneho vysporiadania pozemkov. Právna úprava vyvlastňovania pozemkov vo vybraných európskych štátoch.
Gespeichert in:
| 1. Verfasser: | |
|---|---|
| Format: | Buchkapitel |
| Sprache: | Slowakisch |
| Schlagworte: | |
| Tags: |
Keine Tags, Fügen Sie das erste Tag hinzu!
|
MARC
| LEADER | 00000nla a2200000 4500 | ||
|---|---|---|---|
| 001 | 0160009 | ||
| 005 | 20240521105301.6 | ||
| 041 | 0 | |a slo | |
| 044 | |a SK | ||
| 245 | 1 | 0 | |a K problematike urýchlenia vyvlastňovania pozemkov pre dopravnú infraštruktúru |c Mikuláš Sabo |
| 520 | |a Príprava výstavby diaľnic (a rýchlostných ciest) úpravou podmienok majetku a právneho vysporiadania pozemkov. Právna úprava vyvlastňovania pozemkov vo vybraných európskych štátoch. | ||
| 610 | 2 | 0 | |a vlastníctvo pozemkové |
| 610 | 2 | 0 | |a právo obchodné |
| 610 | 2 | 0 | |a vyvlastnenie |
| 610 | 2 | 0 | |a pozemky |
| 610 | 2 | 0 | |a úpravy právne |
| 610 | 2 | 0 | |a zákony |
| 610 | 2 | 0 | |a Európa |
| 610 | 2 | 0 | |a Slovensko |
| 100 | 1 | |a Sabo, Mikuláš | |